000 01454nam2a2200253 4500
001 rc\3057067
005 20260315070410.0
035 _a(NLR Aleph) 007196086
090 _a13626521
_c13626521
100 _a20111013d1944 u y0rusy50 ca
101 0 _arus
105 _ay z |||||
200 1 _aСпичечное производство
_f[Разраб. бригадой ВНИТОЛес в составе инж. С.С. Кадышевича и Ю.Р. Аркуса при участии инж. А.Г. Васильева]
210 _d1944
215 _a5 с., вкл. 1 с. обл.
461 0 _1001rc\3057060
_12001#$aНормы расхода сырья и материалов в лесной промышленности$e(Утв. Нар. ком. лес. пром. СССР)$fНар. ком. лес. пром. СССР$vЧ. 4
_97585898
_aСССР. Народный комиссариат лесной промышленности
_cМосква
_d1944
_fНар. ком. лес. пром. СССР
_nГослестехиздат
_o(Утв. Нар. ком. лес. пром. СССР)
_tНормы расхода сырья и материалов в лесной промышленности
_vЧ. 4
702 1 _aКадышевич
_bС.С.
_4570
702 1 _aАркус
_bЮ.Р.
_4570
702 1 _aВасильев
_bА.Г.
_4570
801 0 _aRU
_bNLR
_gpsbo
801 1 _aRU
_bELAR
_2rusmarc
852 _aNLR
_jТ50 Г-8/13
942 _cUNSPEC
980 _aNB